[Event "Aut_chT_0910"]
[Site "Baden"]
[Date "2010.01.17"]
[Round "7"]
[Board "4"]
[White "Bischoff, Klaus"]
[Black "Baldauf, Marco"]
[Result "1/2-1/2"]
[WhiteElo "2569"]
[BlackElo "2373"]
[PlyCount "81"]
[EventDate "2009.11.06"]
[EventType "team"]
[EventRounds "11"]
[EventCountry "AUT"]
[WhiteTeam "Holz Dohr"]
[BlackTeam "SK Hohenems"]

1.e4 e5 2.Bc4 Nc6 3.d3 Bc5 4.Nf3 Nf6 5.c3 a6 6.Bb3 d6 7.Nbd2 O-O 8.Nf1 Ng4 9.Ne3
Kh8 10.Nxg4 Bxg4 11.h3 Be6 12.Bxe6 fxe6 13.O-O Qf6 14.b4 Bb6 15.a4 a5 16.b5 Ne7
17.Bg5 Qf7 18.Be3 Bxe3 19.fxe3 Ng6 20.Ng5 Qe7 21.Qh5 h6 22.Qxg6 Qxg5 23.Qxg5
hxg5 24.d4 Kg8 25.dxe5 dxe5 26.Rad1 Rae8 27.Rd7 Rxf1+ 28.Kxf1 Rf8+ 29.Ke2 Rf7
30.Rd1 Kf8 31.c4 Ke8 32.c5 Rd7 33.Rc1 Rd8 34.c6 b6 35.Rf1 Ke7 36.Rf3 Rf8 37.Rg3
Kf6 38.Rf3+ Ke7 39.Rg3 Kf6 40.Ke1 Rh8 41.Ke2

[Event "Aut_chT_0910"]
[Site "Baden"]
[Date "2010.01.17"]
[Round "7"]
[Board "2"]
[White "Schlosser, Philipp"]
[Black "Mihok, Oliver"]
[Result "1-0"]
[WhiteElo "2557"]
[BlackElo "2403"]
[PlyCount "133"]
[EventDate "2009.11.06"]
[EventType "team"]
[EventRounds "11"]
[EventCountry "AUT"]
[WhiteTeam "Sparkasse Jenbach"]
[BlackTeam "Husek Wien"]

1.c4 c5 2.Nf3 Nc6 3.d4 cxd4 4.Nxd4 e6 5.g3 Qb6 6.Nb5 Ne5 7.Bg2 a6 8.N5a3 Nf6
9.O-O d6 10.Nc3 Bd7 11.Qb3 Qxb3 12.axb3 Bc6 13.Rd1 Bxg2 14.Kxg2 Nc6 15.Nc2 Be7
16.Bf4 Rd8 17.Rd2 Nh5 18.Be3 f5 19.Nd4 Nxd4 20.Bxd4 Nf6 21.Re1 Kf7 22.e4 fxe4
23.Nxe4 Nxe4 24.Rxe4 Bf6 25.f4 Rd7 26.Bxf6 Kxf6 27.g4 g6 28.Kf3 Rc8 29.h4 b5
30.g5+ Kf7 31.h5 Rdd8 32.Red4 Ke7 33.Rh2 Rh8 34.cxb5 axb5 35.Rb4 h6 36.hxg6 hxg5
37.Rxh8 Rxh8 38.fxg5 Rg8 39.Rxb5 Rxg6 40.Rb7+ Kd8 41.Kf4 d5 42.b4 d4 43.Rb5 Rg7
44.Ke4 Rd7 45.Kd3 Ke7 46.Re5 Kf7 47.b5 Rd6 48.b4 Kg6 49.Rc5 Kh5 50.Rc6 Rd5
51.Rxe6 Kxg5 52.Re4 Rxb5 53.Rxd4 Kf6 54.Kc4 Rb8 55.Kc5 Rc8+ 56.Kb6 Ke5 57.Rd7
Ke6 58.Rc7 Rh8 59.Kc6 Rh1 60.b5 Rc1+ 61.Kb7 Rb1 62.b6 Kd6 63.Rc2 Rd1 64.Ka7 Kd7
65.Ra2 Kc6 66.b7 Rd7 67.Rc2+

[Event "Aut_chT_0910"]
[Site "Baden"]
[Date "2010.01.17"]
[Round "7"]
[Board "4"]
[White "Boensch, Uwe"]
[Black "Juhasz, Kristof"]
[Result "1-0"]
[WhiteElo "2511"]
[BlackElo "2252"]
[PlyCount "109"]
[EventDate "2009.11.06"]
[EventType "team"]
[EventRounds "11"]
[EventCountry "AUT"]
[WhiteTeam "Sparkasse Jenbach"]
[BlackTeam "Husek Wien"]

1.d4 Nf6 2.c4 e6 3.Nf3 d5 4.Nc3 c5 5.cxd5 Nxd5 6.e3 Be7 7.Bd3 cxd4 8.exd4 b6
9.Ne5 O-O 10.Qf3 Bb7 11.Qh3 f5 12.O-O Nc6 13.Nxd5 Qxd5 14.Bc4 Qd6 15.Bf4 Nxe5
16.Bxe5 Qd7 17.Qg3 g6 18.Rac1 Rac8 19.a3 b5 20.Bb3 Rxc1 21.Rxc1 Rc8 22.Qe3 Rxc1+
23.Qxc1 Bc6 24.h3 a6 25.Qc3 Kf7 26.Qd2 Bf8 27.f3 Bg7 28.Qf4 Bxe5 29.Qxe5 Bd5
30.Bxd5 Qxd5 31.Qh8 h5 32.h4 Qb3 33.Qh7+ Kf6 34.Qg8 Ke7 35.Qxg6 Qxb2 36.Qg7+ Kd6
37.Kh2 Qf2 38.Qe5+ Kd7 39.Kh3 Qg1 40.d5 exd5 41.Qxd5+ Kc7 42.Qf7+ Kb6 43.Qxh5
Qh1+ 44.Kg3 Qe1+ 45.Kh2 Qe7 46.Qg5 Qxa3 47.h5 b4 48.h6 b3 49.Qf6+ Ka7 50.h7 b2
51.Qd4+ Kb7 52.Qd5+ Ka7 53.h8=Q b1=Q 54.Qha8+ Kb6 55.Qab7#

[Event "Aut_chT_0910"]
[Site "Baden"]
[Date "2010.01.17"]
[Round "7"]
[Board "5"]
[White "Binder, Michael"]
[Black "Lehner, Oliver"]
[Result "1/2-1/2"]
[WhiteElo "2208"]
[BlackElo "2407"]
[PlyCount "59"]
[EventDate "2009.11.06"]
[EventType "team"]
[EventRounds "11"]
[EventCountry "AUT"]
[WhiteTeam "Husek Wien"]
[BlackTeam "Sparkasse Jenbach"]

1.d4 Nf6 2.Nf3 g6 3.g3 Bg7 4.Bg2 O-O 5.O-O d6 6.c4 Nc6 7.Nc3 a6 8.d5 Na5 9.b3 c5
10.dxc6 bxc6 11.Bb2 Rb8 12.Qd2 Be6 13.Nd4 Bd7 14.e3 Ng4 15.Rad1 Ne5 16.Ba1 c5
17.Nde2 Bh3 18.Nf4 Bxg2 19.Kxg2 Nac6 20.Nd3 Nd7 21.Na4 Bxa1 22.Rxa1 Qc7 23.Rad1
Qb7 24.f3 Nb4 25.Nxb4 Qxb4 26.Qxb4 Rxb4 27.Nc3 Nf6 28.Rd2 Rfb8 29.Kf2 Kf8 30.Ke2

[Event "Aut_chT_0910"]
[Site "Baden"]
[Date "2010.01.17"]
[Round "7"]
[Board "2"]
[White "Markos, Jan"]
[Black "Maiwald, Jens-Uwe"]
[Result "1-0"]
[WhiteElo "2549"]
[BlackElo "2474"]
[PlyCount "58"]
[EventDate "2009.11.06"]
[EventType "team"]
[EventRounds "11"]
[EventCountry "AUT"]
[WhiteTeam "ASVOE SK Lackenbach"]
[BlackTeam "Mayrhofen/Zillertal"]

1.d4 d5 2.c4 dxc4 3.Nf3 Nf6 4.Nc3 a6 5.e4 b5 6.e5 Nd5 7.a4 Bb7 8.e6 fxe6 9.Ne4
Nb4 10.Nc5 Bxf3 11.gxf3 N8c6 12.Nxe6 Nxd4 13.Nxd4 Qxd4 14.Qxd4 Nc2+ 15.Kd1 Nxd4
16.axb5 Nxb5 17.Bxc4 c6 18.Re1 O-O-O+ 19.Kc2 Kb7 20.Bxb5 cxb5 21.Bf4 Rd4 22.Be5
Rd5 23.Bg3 e6 24.Rxe6 Bc5 25.Raxa6 Rc8 26.Kb1 Rd1+ 27.Ka2 Rd2 28.Ra5 Ra8 29.Re5
Bxf2

[Event "Aut_chT_0910"]
[Site "Baden"]
[Date "2010.01.17"]
[Round "7"]
[Board "3"]
[White "Platzgummer, Fabian"]
[Black "Varga, Zoltan"]
[Result "0-1"]
[WhiteElo "2401"]
[BlackElo "2485"]
[PlyCount "42"]
[EventDate "2009.11.06"]
[EventType "team"]
[EventRounds "11"]
[EventCountry "AUT"]
[WhiteTeam "Mayrhofen/Zillertal"]
[BlackTeam "ASVOE SK Lackenbach"]

1.d4 d5 2.Nf3 Nf6 3.c4 dxc4 4.e3 e6 5.Bxc4 a6 6.O-O c5 7.dxc5 Bxc5 8.a3 b5 9.Be2
Nc6 10.b4 Bd6 11.Bb2 Bb7 12.Nc3 O-O 13.Qb3 Ne5 14.Nd4 Qe7 15.a4 bxa4 16.Rxa4 Nc6
17.b5 Nxd4 18.Rxd4 axb5 19.Qxb5 Rab8 20.Rfd1 Bd5 21.Nxd5 exd5

[Event "Aut_chT_0910"]
[Site "Baden"]
[Date "2010.01.17"]
[Round "7"]
[Board "4"]
[White "Vavrak, Peter"]
[Black "Gross, David"]
[Result "1/2-1/2"]
[WhiteElo "2470"]
[BlackElo "2465"]
[PlyCount "119"]
[EventDate "2009.11.06"]
[EventType "team"]
[EventRounds "11"]
[EventCountry "AUT"]
[WhiteTeam "ASVOE SK Lackenbach"]
[BlackTeam "Mayrhofen/Zillertal"]

1.d4 Nf6 2.c4 e6 3.Nf3 d5 4.Nc3 Be7 5.Bg5 h6 6.Bh4 O-O 7.e3 b6 8.cxd5 Nxd5
9.Bxe7 Qxe7 10.Nxd5 exd5 11.Rc1 Be6 12.Bd3 c5 13.dxc5 bxc5 14.O-O Nd7 15.Qa4 a5
16.Rc3 Rfb8 17.Bb5 Nf6 18.Rfc1 Ne4 19.R3c2 Rb6 20.Bd3 Qb7 21.Qa3 a4 22.Bxe4 dxe4
23.Nd2 Rb4 24.h3 Rd8 25.b3 Rd3 26.Qb2 Qd7 27.Nc4 axb3 28.axb3 Rbxb3 29.Qe5 Rd1+
30.Kh2 Rxc1 31.Rxc1 Qd5 32.Qxd5 Bxd5 33.Nd6 c4 34.Nxc4 Bxc4 35.Rxc4 f5 36.g4 Rb5
37.Kg3 g5 38.gxf5 Rxf5 39.Rxe4 Kf7 40.Ra4 Rf6 41.f3 Re6 42.Ra3 Rf6 43.Ra7+ Kg6
44.Re7 Ra6 45.Kg4 Ra4+ 46.Kg3 Ra6 47.Re5 Kf6 48.Rb5 Re6 49.e4 Kg6 50.Rf5 Ra6
51.h4 Ra1 52.Rb5 Ra2 53.Rb6+ Kh5 54.hxg5 hxg5 55.Rf6 Re2 56.Kh3 Re3 57.Rf5 Rxf3+
58.Rxf3 g4+ 59.Kg3 gxf3 60.Kxf3

[Event "Aut_chT_0910"]
[Site "Baden"]
[Date "2010.01.17"]
[Round "7"]
[Board "5"]
[White "Hausner, Ivan"]
[Black "Bokros, Albert"]
[Result "1/2-1/2"]
[WhiteElo "2460"]
[BlackElo "2479"]
[PlyCount "65"]
[EventDate "2009.11.06"]
[EventType "team"]
[EventRounds "11"]
[EventCountry "AUT"]
[WhiteTeam "Mayrhofen/Zillertal"]
[BlackTeam "ASVOE SK Lackenbach"]

1.c4 b6 2.d4 Bb7 3.Nc3 e6 4.a3 f5 5.d5 Nf6 6.Nf3 g6 7.g3 Bg7 8.Bg2 O-O 9.O-O Na6
10.Bf4 Nc5 11.d6 cxd6 12.Bxd6 Re8 13.Nb5 Nfe4 14.Be5 Bxe5 15.Nxe5 d6 16.Nd3 d5
17.cxd5 a6 18.Nc3 Nxc3 19.bxc3 Nxd3 20.Qxd3 Bxd5 21.Bxd5 Qxd5 22.Qe3 Qc5 23.Qxc5
bxc5 24.Rab1 Rab8 25.Rfd1 h5 26.Rxb8 Rxb8 27.Rd6 Kf7 28.Rxa6 Rb1+ 29.Kg2 Rc1
30.Ra7+ Kf6 31.f4 Rxc3 32.a4 Ra3 33.Rc7

[Event "Aut_chT_0910"]
[Site "Baden"]
[Date "2010.01.17"]
[Round "7"]
[Board "6"]
[White "Hagara, Eduard"]
[Black "Schiestl, Josef"]
[Result "1-0"]
[WhiteElo "2383"]
[BlackElo "2118"]
[PlyCount "64"]
[EventDate "2009.11.06"]
[EventType "team"]
[EventRounds "11"]
[EventCountry "AUT"]
[WhiteTeam "ASVOE SK Lackenbach"]
[BlackTeam "Mayrhofen/Zillertal"]

1.e4 c5 2.Nf3 e6 3.c3 Nf6 4.e5 Nd5 5.d4 cxd4 6.cxd4 Nc6 7.Bc4 Nb6 8.Bb3 d6
9.exd6 Bxd6 10.O-O O-O 11.Nc3 Be7 12.Ne4 Nd5 13.a3 b6 14.Qd3 Nf6 15.Bc2 g6
16.Neg5 Bb7 17.Re1 Qd6 18.b4 a6 19.Bb3 Nd5 20.Ne4 Qd8 21.Bh6 Re8 22.Rad1 Nf6
23.Neg5 Nd5 24.h4 Bf8 25.Bxf8 Rxf8 26.h5 Nf4 27.Qe3 Nxh5 28.d5 exd5 29.Bxd5 Qf6
30.Qxb6 Rab8 31.Ne4 Qd8 32.Neg5 Qf6

[Event "Aut_chT_0910"]
[Site "Baden"]
[Date "2010.01.17"]
[Round "7"]
[Board "1"]
[White "Ragger, Markus"]
[Black "Miroshnichenko, Evgenij"]
[Result "1/2-1/2"]
[WhiteElo "2568"]
[BlackElo "2686"]
[PlyCount "62"]
[EventDate "2009.11.06"]
[EventType "team"]
[EventRounds "11"]
[EventCountry "AUT"]
[WhiteTeam "SK Kl.Ztg.MPOE Maria Saal"]
[BlackTeam "ASVOE Wulkaprodersdorf"]

1.Nf3 Nf6 2.c4 g6 3.Nc3 Bg7 4.g3 O-O 5.Bg2 c6 6.O-O d5 7.cxd5 cxd5 8.d4 Ne4
9.Ne5 Nxc3 10.bxc3 Nc6 11.Nxc6 bxc6 12.Ba3 Ba6 13.Re1 Re8 14.e4 e6 15.e5 Bf8
16.Bxf8 Kxf8 17.h4 Kg7 18.Rb1 Qe7 19.Bf1 Bxf1 20.Rxf1 Reb8 21.Qd2 Rb6 22.Rb3
Rab8 23.Rfb1 h5 24.Qd3 Rxb3 25.Rxb3 Rxb3 26.axb3 Qa3 27.b4 a5 28.bxa5 Qxa5
29.Qf3 Qa1+ 30.Kg2 Kg8 31.Qf6 Qxc3

[Event "Aut_chT_0910"]
[Site "Baden"]
[Date "2010.01.17"]
[Round "7"]
[Board "2"]
[White "Polzin, Rainer"]
[Black "Pavasovic, Dusko"]
[Result "1/2-1/2"]
[WhiteElo "2473"]
[BlackElo "2574"]
[PlyCount "95"]
[EventDate "2009.11.06"]
[EventType "team"]
[EventRounds "11"]
[EventCountry "AUT"]
[WhiteTeam "ASVOE Wulkaprodersdorf"]
[BlackTeam "SK Kl.Ztg.MPOE Maria Saal"]

1.e4 e5 2.Nf3 Nc6 3.Bb5 a6 4.Ba4 Nf6 5.O-O Be7 6.Re1 b5 7.Bb3 d6 8.c3 O-O 9.d4
Bg4 10.Be3 exd4 11.cxd4 d5 12.e5 Ne4 13.Nc3 Nxc3 14.bxc3 Qd7 15.h3 Bh5 16.g4 Bg6
17.Bg5 Bxg5 18.Nxg5 Nd8 19.f4 Ne6 20.Qf3 Nxg5 21.fxg5 c6 22.h4 f6 23.gxf6 gxf6
24.e6 Qg7 25.Kh2 h6 26.a4 Qc7+ 27.Qg3 Qxg3+ 28.Kxg3 Rfe8 29.Kf4 Kf8 30.Ba2 bxa4
31.Bb1 Bxb1 32.Raxb1 Rab8 33.Rxb8 Rxb8 34.Ra1 Rb3 35.Rxa4 Rxc3 36.Rxa6 Ke7
37.Kf5 Rf3+ 38.Kg6 Kxe6 39.Rxc6+ Ke7 40.Rc7+ Ke6 41.Rc6+ Ke7 42.Kxh6 Rf4 43.Kh5
Rxd4 44.g5 fxg5 45.hxg5 Rd1 46.g6 Kf8 47.Rc8+ Kg7 48.Rc7+

[Event "Aut_chT_0910"]
[Site "Baden"]
[Date "2010.01.17"]
[Round "7"]
[Board "5"]
[White "Schachinger, Mario"]
[Black "Likavsky, Tomas"]
[Result "1/2-1/2"]
[WhiteElo "2350"]
[BlackElo "2476"]
[PlyCount "90"]
[EventDate "2009.11.06"]
[EventType "team"]
[EventRounds "11"]
[EventCountry "AUT"]
[WhiteTeam "SK Kl.Ztg.MPOE Maria Saal"]
[BlackTeam "ASVOE Wulkaprodersdorf"]

1.Nf3 c5 2.c4 Nf6 3.g3 d5 4.cxd5 Nxd5 5.Bg2 Nc6 6.Nc3 Nc7 7.d3 e5 8.Nd2 Be7
9.Nc4 f6 10.O-O O-O 11.f4 exf4 12.gxf4 f5 13.Be3 Be6 14.Bf2 Nd5 15.Nxd5 Bxd5
16.Nd2 Bxg2 17.Kxg2 Qd5+ 18.Nf3 Bf6 19.Qc2 b6 20.a3 Rfe8 21.Rfe1 Qd6 22.e3 Re6
23.Bh4 Bxh4 24.Nxh4 Rae8 25.Nxf5 Qf8 26.e4 g6 27.Ne3 Qxf4 28.Qf2 Qxf2+ 29.Kxf2
Rf6+ 30.Kg2 Ne5 31.Nd5 Rf3 32.Rf1 Ref8 33.Rxf3 Nxf3 34.Rd1 Kg7 35.b4 Ne5 36.bxc5
bxc5 37.d4 cxd4 38.Rxd4 Rb8 39.Rb4 Rxb4 40.axb4 Kf7 41.Kg3 g5 42.h4 h6 43.hxg5
hxg5 44.b5 Ke6 45.b6 axb6

[Event "Aut_chT_0910"]
[Site "Baden"]
[Date "2010.01.17"]
[Round "7"]
[Board "6"]
[White "Schweda, Roland"]
[Black "Halvax, Georg"]
[Result "0-1"]
[WhiteElo "2432"]
[BlackElo "2265"]
[PlyCount "80"]
[EventDate "2009.11.06"]
[EventType "team"]
[EventRounds "11"]
[EventCountry "AUT"]
[WhiteTeam "ASVOE Wulkaprodersdorf"]
[BlackTeam "SK Kl.Ztg.MPOE Maria Saal"]

1.d4 d5 2.Nf3 Nf6 3.c4 e6 4.Bg5 Nbd7 5.cxd5 exd5 6.Nc3 Be7 7.e3 c6 8.Bd3 O-O
9.Qc2 Re8 10.O-O Nf8 11.h3 Be6 12.Ne5 N6d7 13.Bxe7 Qxe7 14.f4 f6 15.Nxd7 Qxd7
16.Rae1 Re7 17.f5 Bf7 18.Qf2 Rd8 19.Ne2 Qd6 20.Nf4 Rde8 21.Re2 Nd7 22.g4 c5
23.h4 h6 24.Kh1 Qb6 25.Rg1 cxd4 26.exd4 Rxe2 27.Nxe2 Ne5 28.Bb1 Nxg4 29.Rxg4 Bh5
30.Qg2 Bxg4 31.Qxg4 Qxb2 32.Bd3 Re3 33.Qf4 Rxd3 34.Qb8+ Kh7 35.Qe8 Qa3 36.Qg6+
Kg8 37.Qe8+ Qf8 38.Qe6+ Kh7 39.Nf4 Rxd4 40.Nxd5 Qd8

[Event "Aut_chT_0910"]
[Site "Baden"]
[Date "2010.01.17"]
[Round "7"]
[Board "1"]
[White "Kurnosov, Igor"]
[Black "Lipka, Juraj"]
[Result "1-0"]
[WhiteElo "2674"]
[BlackElo "2409"]
[PlyCount "111"]
[EventDate "2009.11.06"]
[EventType "team"]
[EventRounds "11"]
[EventCountry "AUT"]
[WhiteTeam "SK Sparkasse Fuerstenfeld"]
[BlackTeam "ASVOE Pamhagen"]

1.e4 e6 2.d4 d5 3.Nc3 Nf6 4.e5 Nfd7 5.f4 c5 6.Nf3 Nc6 7.Be3 a6 8.Qd2 b5 9.h4 b4
10.Ne2 a5 11.Ng3 Qb6 12.h5 cxd4 13.Nxd4 Bc5 14.c3 O-O 15.Bd3 Ba6 16.O-O f6
17.Bxa6 Rxa6 18.h6 g6 19.Rae1 bxc3 20.bxc3 Nxd4 21.Bxd4 f5 22.Qd3 Qc6 23.Rb1 Rc8
24.Ne2 Bf8 25.Qh3 Nc5 26.Kh2 Ne4 27.Rb2 Ba3 28.Rc2 Qa4 29.Qd3 Qc4 30.Qxc4 Rxc4
31.Rb1 Rac6 32.Rb7 a4 33.Rg7+ Kh8 34.Ra7 Rc7 35.Ra6 R7c6 36.Ra7 Rc7 37.Ra6 R7c6
38.Ra5 Kg8 39.Bg1 Kf7 40.Nd4 Rc8 41.Ra7+ Be7 42.Nb5 Kf8 43.Rb2 Rb8 44.Nd6 Rxb2
45.Ra8+ Bd8 46.Rxd8+ Ke7 47.Re8+ Kd7 48.Nxc4 dxc4 49.Rh8 Kc6 50.Rxh7 Rb8 51.Bd4
g5 52.Re7 Kd5 53.fxg5 Nxg5 54.Kg3 Rh8 55.Kf4 Rh7 56.Rg7

[Event "Aut_chT_0910"]
[Site "Baden"]
[Date "2010.01.17"]
[Round "7"]
[Board "2"]
[White "Kuthan, Andreas"]
[Black "Mikhalevski, Victor"]
[Result "0-1"]
[WhiteElo "2220"]
[BlackElo "2611"]
[PlyCount "78"]
[EventDate "2009.11.06"]
[EventType "team"]
[EventRounds "11"]
[EventCountry "AUT"]
[WhiteTeam "ASVOE Pamhagen"]
[BlackTeam "SK Sparkasse Fuerstenfeld"]

1.d4 Nf6 2.Nf3 g6 3.c4 Bg7 4.Nc3 d5 5.Bg5 Ne4 6.Bh4 Nxc3 7.bxc3 dxc4 8.Qa4+ c6
9.Qxc4 Qa5 10.e3 Na6 11.Be2 Be6 12.Qd3 Nc5 13.Qc2 Bf5 14.Qb2 Nd3+ 15.Bxd3 Bxd3
16.Qb4 Qc7 17.Bg3 Qc8 18.Ne5 Ba6 19.c4 h5 20.h3 h4 21.Bf4 g5 22.Bxg5 Qe6 23.Bf4
Bxe5 24.Bxe5 Rg8 25.O-O-O f6 26.Bf4 Bxc4 27.Qxb7 Kf7 28.Qb1 f5 29.g4 hxg3
30.fxg3 Bxa2 31.Qd3 Bd5 32.Rhg1 Be4 33.Qc3 Rab8 34.Bxb8 Rxb8 35.Kd2 Qa2+ 36.Ke1
Qh2 37.Rf1 Rb2 38.Rd2 Rb1+ 39.Rd1 Qxg3+

[Event "Aut_chT_0910"]
[Site "Baden"]
[Date "2010.01.17"]
[Round "7"]
[Board "3"]
[White "Pinter, Jozsef"]
[Black "Maslik, Miroslav"]
[Result "1/2-1/2"]
[WhiteElo "2570"]
[BlackElo "2377"]
[PlyCount "60"]
[EventDate "2009.11.06"]
[EventType "team"]
[EventRounds "11"]
[EventCountry "AUT"]
[WhiteTeam "SK Sparkasse Fuerstenfeld"]
[BlackTeam "ASVOE Pamhagen"]

1.d4 Nf6 2.c4 g6 3.Nc3 d5 4.Bf4 Bg7 5.e3 c5 6.dxc5 Qa5 7.Rc1 dxc4 8.Bxc4 O-O
9.Nf3 Qxc5 10.Bb3 Qa5 11.O-O Nc6 12.h3 Bf5 13.Qe2 Ne4 14.Nd5 e5 15.Bh2 Be6
16.Rfd1 Rfd8 17.Qc4 Nf6 18.e4 Rac8 19.Ng5 Nd4 20.Ne7+ Kf8 21.Nxe6+ Kxe7 22.Nxd8
Rxc4 23.Bxc4 Nxe4 24.Nxf7 Qb6 25.Nxe5 Bxe5 26.Bxe5 Nf3+ 27.gxf3 Qxf2+ 28.Kh1
Qxf3+ 29.Kh2 Qf2+ 30.Kh1 Qf3+

[Event "Aut_chT_0910"]
[Site "Baden"]
[Date "2010.01.17"]
[Round "7"]
[Board "4"]
[White "Vitouch, Anatol"]
[Black "Schenk, Andreas"]
[Result "0-1"]
[WhiteElo "2288"]
[BlackElo "2506"]
[PlyCount "60"]
[EventDate "2009.11.06"]
[EventType "team"]
[EventRounds "11"]
[EventCountry "AUT"]
[WhiteTeam "ASVOE Pamhagen"]
[BlackTeam "SK Sparkasse Fuerstenfeld"]

1.b3 d5 2.Bb2 Bg4 3.Nf3 Nf6 4.g3 Nbd7 5.Bg2 e6 6.O-O Bd6 7.d3 O-O 8.c4 a5 9.Na3
Re8 10.Nc2 c6 11.Qd2 Bh5 12.a3 Nc5 13.Bxf6 Qxf6 14.Rab1 dxc4 15.bxc4 e5 16.Nfe1
a4 17.Na1 Bc7 18.Nec2 Ba5 19.Nb4 Rad8 20.Qe3 Qd6 21.Nac2 f5 22.Rfe1 f4 23.Qd2
Nb3 24.Qd1 Rf8 25.Rf1 Kh8 26.Be4 Nc5 27.Bg2 Qe6 28.f3 Bb6 29.Na6 Nb3+ 30.c5 Ba7

[Event "Aut_chT_0910"]
[Site "Baden"]
[Date "2010.01.17"]
[Round "7"]
[Board "5"]
[White "Poetz, Florian"]
[Black "Lovrinovic, Christian"]
[Result "0-1"]
[WhiteElo "2317"]
[BlackElo "2247"]
[PlyCount "58"]
[EventDate "2009.11.06"]
[EventType "team"]
[EventRounds "11"]
[EventCountry "AUT"]
[WhiteTeam "SK Sparkasse Fuerstenfeld"]
[BlackTeam "ASVOE Pamhagen"]

1.e4 c5 2.Nf3 d6 3.d4 cxd4 4.Nxd4 Nf6 5.Nc3 g6 6.Be3 Bg7 7.f3 Nc6 8.Qd2 O-O
9.Bc4 Bd7 10.Bb3 Rc8 11.O-O-O Nxd4 12.Bxd4 b5 13.Nd5 Nxd5 14.Bxg7 Kxg7 15.exd5
a5 16.a3 b4 17.axb4 axb4 18.Qxb4 Kg8 19.Rhe1 Rc5 20.Re3 Qa8 21.Rxe7 Qa1+ 22.Kd2
Qxb2 23.Qf4 Bf5 24.Ke2 Qf6 25.Qe3 Rc3 26.Qa7 Bxc2 27.Bxc2 Rxc2+ 28.Rd2 Rxd2+
29.Kxd2 Qg5+

[Event "Aut_chT_0910"]
[Site "Baden"]
[Date "2010.01.17"]
[Round "7"]
[Board "6"]
[White "Bozinovic, Boban"]
[Black "Radnetter, Georg"]
[Result "0-1"]
[WhiteElo "2086"]
[BlackElo "2232"]
[PlyCount "96"]
[EventDate "2009.11.06"]
[EventType "team"]
[EventRounds "11"]
[EventCountry "AUT"]
[WhiteTeam "ASVOE Pamhagen"]
[BlackTeam "SK Sparkasse Fuerstenfeld"]

1.e4 c5 2.Nc3 e6 3.Nf3 a6 4.g3 Nc6 5.Bg2 g6 6.O-O Bg7 7.Re1 d6 8.d3 Nge7 9.Rb1
O-O 10.Bf4 e5 11.Bg5 f6 12.Be3 Nd4 13.Ne2 Be6 14.b3 Bg4 15.Nfxd4 cxd4 16.Bd2 Rc8
17.f3 Be6 18.c3 dxc3 19.Nxc3 d5 20.Rc1 d4 21.Nb1 Qd7 22.Qe2 Rxc1 23.Rxc1 Rc8
24.Qd1 Rc6 25.Rxc6 Qxc6 26.h4 Qc8 27.Kh2 Nc6 28.a3 Bf8 29.b4 Na7 30.Qc1 Qxc1
31.Bxc1 Nb5 32.Bb2 Bh6 33.a4 Na7 34.Bh3 Ba2 35.Na3 Bb3 36.f4 Bf8 37.fxe5 fxe5
38.Nc4 Bxc4 39.dxc4 Bxb4 40.Kg1 Kf7 41.Kf2 Nc6 42.Bc8 Na5 43.Bc1 Nb3 44.Bh6 Nc5
45.Kf3 b6 46.g4 a5 47.h5 Nxa4 48.Bd7 Nc3

[Event "Aut_chT_0910"]
[Site "Baden"]
[Date "2010.03.27"]
[Round "8"]
[Board "1"]
[White "Meier, Georg"]
[Black "Kuthan, Andreas"]
[Result "1-0"]
[WhiteElo "2663"]
[BlackElo "2220"]
[PlyCount "67"]
[EventDate "2009.11.06"]
[EventType "team"]
[EventRounds "11"]
[EventCountry "AUT"]
[WhiteTeam "Holz Dohr"]
[BlackTeam "ASVOE Pamhagen"]

1.Nf3 Nf6 2.g3 g6 3.Bg2 Bg7 4.O-O O-O 5.d4 d6 6.b3 c5 7.c4 Nc6 8.Bb2 cxd4 9.Nxd4
Bd7 10.Nc2 a6 11.Nc3 Rb8 12.Qd2 b5 13.Ne3 Qc8 14.cxb5 axb5 15.Rfc1 Re8 16.Ncd5
Nxd5 17.Nxd5 Bxb2 18.Qxb2 Qd8 19.Rc2 Rc8 20.Rac1 Qa5 21.h3 Qa7 22.a3 Qa5 23.Kh2
Qa7 24.f4 Qa5 25.Rc3 Qa7 26.R1c2 Qa5 27.Qc1 Na7 28.Rc7 Rxc7 29.Rxc7 Be6 30.b4
Qa6 31.f5 Bxd5 32.Bxd5 Rc8 33.fxg6 hxg6 34.Rxa7

[Event "Aut_chT_0910"]
[Site "Baden"]
[Date "2010.03.27"]
[Round "8"]
[Board "3"]
[White "Baklan, Vladimir"]
[Black "Vitouch, Anatol"]
[Result "1-0"]
[WhiteElo "2644"]
[BlackElo "2288"]
[PlyCount "41"]
[EventDate "2009.11.06"]
[EventType "team"]
[EventRounds "11"]
[EventCountry "AUT"]
[WhiteTeam "Holz Dohr"]
[BlackTeam "ASVOE Pamhagen"]

1.e4 Nc6 2.Nf3 Nf6 3.e5 Nd5 4.d4 d6 5.c3 dxe5 6.dxe5 Bg4 7.Bb5 Qd7 8.h3 Bh5
9.O-O O-O-O 10.Qe2 Nb6 11.e6 Qd5 12.Nbd2 f5 13.Re1 g6 14.c4 Qd6 15.Nb3 Bxf3
16.Qxf3 Nd4 17.Nxd4 Qxd4 18.Be3 Qxb2 19.Rab1 Qa3 20.Bd7+ Kb8 21.c5

[Event "Aut_chT_0910"]
[Site "Baden"]
[Date "2010.03.27"]
[Round "8"]
[Board "4"]
[White "Lovrinovic, Christian"]
[Black "Bischoff, Klaus"]
[Result "0-1"]
[WhiteElo "2247"]
[BlackElo "2569"]
[PlyCount "96"]
[EventDate "2009.11.06"]
[EventType "team"]
[EventRounds "11"]
[EventCountry "AUT"]
[WhiteTeam "ASVOE Pamhagen"]
[BlackTeam "Holz Dohr"]

1.d4 Nf6 2.c4 d6 3.Nf3 Nbd7 4.g3 e5 5.Bg2 Be7 6.O-O O-O 7.Nc3 c6 8.Qc2 Qc7 9.b3
Re8 10.Bb2 Bf8 11.e4 a6 12.h3 Qb8 13.a4 a5 14.Rad1 g6 15.Rfe1 Qa7 16.Nb1 b6
17.Kh2 Qc7 18.Nbd2 exd4 19.Nxd4 Bb7 20.f4 Bg7 21.N4f3 Rad8 22.e5 dxe5 23.Nxe5
Nc5 24.Ndf3 Rxd1 25.Rxd1 Nfe4 26.Nd2 Nf6 27.Ndf3 Nce4 28.Ng5 Nd6 29.Ba3 Nf5
30.Ngxf7 Ne3 31.Qd2 Nxd1 32.Qxd1 c5 33.Bd5 Nxd5 34.cxd5 Bxe5 35.Nxe5 Qd6 36.Nc4
Qxd5 37.Qxd5+ Bxd5 38.Nxb6 Re2+ 39.Kg1 Bxb3 40.Bxc5 Ra2 41.Bd4 Bxa4 42.Nd5 Kf7
43.Nc3 Rd2 44.Bb6 Bc6 45.Bxa5 Rg2+ 46.Kf1 Rxg3 47.Ne2 Ra3 48.Bc7 Bb5

[Event "Aut_chT_0910"]
[Site "Baden"]
[Date "2010.03.27"]
[Round "8"]
[Board "1"]
[White "Polzin, Rainer"]
[Black "Kurnosov, Igor"]
[Result "1/2-1/2"]
[WhiteElo "2473"]
[BlackElo "2674"]
[PlyCount "85"]
[EventDate "2009.11.06"]
[EventType "team"]
[EventRounds "11"]
[EventCountry "AUT"]
[WhiteTeam "ASVOE Wulkaprodersdorf"]
[BlackTeam "SK Sparkasse Fuerstenfeld"]

1.e4 c5 2.Nc3 e6 3.Nf3 d6 4.d4 cxd4 5.Nxd4 a6 6.Be2 b5 7.a4 b4 8.Na2 Nf6 9.Bg5
Bb7 10.Bf3 Nbd7 11.O-O Qb6 12.Bxf6 Nxf6 13.a5 Qc7 14.Qe2 Be7 15.Nxb4 d5 16.e5
Bxb4 17.exf6 gxf6 18.c4 Qe5 19.cxd5 Qxe2 20.Nxe2 Rb8 21.Rfd1 O-O 22.Ra4 Bxd5
23.Bxd5 exd5 24.Nf4 Bc5 25.Nd3 Bd6 26.g3 Rfe8 27.Kf1 Re4 28.Ra2 Rd4 29.Raa1 Rb5
30.Ke2 Re4+ 31.Kf1 Kg7 32.h3 f5 33.Ne1 f4 34.gxf4 Bxf4 35.Nd3 Bd6 36.Kg2 Kf6
37.Kf1 Rb3 38.Rac1 Rd4 39.Rc6 Ke7 40.Ke2 Re4+ 41.Kf1 Rd4 42.Ke2 Re4+ 43.Kf1

[Event "Aut_chT_0910"]
[Site "Baden"]
[Date "2010.03.27"]
[Round "8"]
[Board "3"]
[White "Likavsky, Tomas"]
[Black "Pinter, Jozsef"]
[Result "1-0"]
[WhiteElo "2476"]
[BlackElo "2570"]
[PlyCount "97"]
[EventDate "2009.11.06"]
[EventType "team"]
[EventRounds "11"]
[EventCountry "AUT"]
[WhiteTeam "ASVOE Wulkaprodersdorf"]
[BlackTeam "SK Sparkasse Fuerstenfeld"]

1.d4 Nf6 2.c4 e6 3.Nc3 Bb4 4.Qc2 O-O 5.a3 Bxc3+ 6.Qxc3 b6 7.Bg5 Bb7 8.e3 d6 9.f3
Nbd7 10.Nh3 c5 11.Be2 Rc8 12.O-O Ba6 13.dxc5 Rxc5 14.b4 Rc7 15.Qb3 Qe7 16.Rfd1
Rfc8 17.b5 Bb7 18.Qb4 Nc5 19.Nf2 h6 20.Bh4 g5 21.Bg3 e5 22.a4 Rd8 23.a5 Rcd7
24.Qb2 Qe6 25.e4 Re7 26.Rd2 Kh7 27.Nd1 Nh5 28.Ne3 Ng7 29.Bf2 Kg8 30.Rdd1 Rc7
31.Bf1 h5 32.axb6 axb6 33.Ra7 Rdd7 34.Rda1 Qg6 35.Nd5 Bxd5 36.Rxc7 Rxc7 37.cxd5
f5 38.exf5 Qxf5 39.Ra8+ Kf7 40.Qa3 Qd7 41.Rb8 Ra7 42.Qc1 Qc7 43.Rh8 Qe7 44.Be3
Ra2 45.Bxg5 Qa7 46.Bh6 Qa4 47.Qg5 Qd4+ 48.Kh1 e4 49.Rh7